| 000 | 00881nam a22002177a 4500 | ||
|---|---|---|---|
| 999 |
_c60445 _d60445 |
||
| 003 | Ge_BSU | ||
| 005 | 20230719152934.0 | ||
| 008 | 230719s2023ge xxu||||| |||| 00| 0 geo d | ||
| 020 | _a9789941855153 | ||
| 041 | _ageo | ||
| 080 | _a159.9 ბ-25 | ||
| 100 |
_aბარამიძე, ნოდარ _919444 |
||
| 245 |
_aფსიქოლოგიური ეტიუდები _c[კრებული] / _bნოდარ ბარამიძე, რედ. ირაკლი იმედაძე |
||
| 264 |
_aბათუმი, _c2023. |
||
| 300 |
_a168 გვ.: _bილ; _c20 სმ. |
||
| 653 | _aფსიქოლოგიური ეტიუდები | ||
| 653 | _aფსიქოლოგია | ||
| 700 |
_aიმედაძე, ირაკლი _eრედაქტორი _95687 |
||
| 773 | _tნაჩუქარი | ||
| 942 |
_2udc _cBK |
||